Słynny piłkarz - quiz obrazkowy #2 - Statystyki

Ogólne statystyki
  • Ten quiz został rozwiązany 3 130 razy
  • Średni wynik to 13 z 15
Statystyki odpowiedzi
Obrazkowy Odpowiedź % Poprawnych
Robert Lewandowski
100%
Kylian Mbappe
97%
Gerard Piqué
93%
Ronaldo
93%
Andres Iniesta
92%
David de Gea
91%
N'Golo Kanté
90%
Paulo Dybala
89%
Raheem Sterling
88%
Sergio Agüero
84%
Ivan Rakitić
82%
Thierry Henry
82%
Philippe Coutinho
78%
Eusébio
71%
Johan Cruyff
65%
Nie znaleziono quizów pasujących do podanych kryteriów
Rozkład punktacji
Procent ludzi z każdym wynikiem
Percentyl według liczby udzielonych odpowiedzi
Twoja historia wyników
Nie rozwiązałeś tego quizu